书目信息 |
| 题名: |
万用表实用检测技术
|
|
| 作者: | 马克联 , 张宏 主编 | |
| 分册: | ||
| 出版信息: | 北京 化学工业出版社 2006 |
|
| 页数: | 196页 | |
| 开本: | 26cm | |
| 丛书名: | ||
| 单 册: | ||
| 中图分类: | TM938.107 | |
| 科图分类: | ||
| 主题词: | 复用电表--检测 , 复用电表 | |
| 电子资源: | ||
| ISBN: | 7-5025-8842-6 | |
| 000 | 00873nam0 2200253 450 | |
| 001 | 012007903434 | |
| 005 | 20070522170744.50 | |
| 010 | @a7-5025-8842-6@dCNY22.00 | |
| 100 | @a20070515d2006 km y0chiy0120 ea | |
| 101 | 0 | @achi |
| 102 | @aCN@b110000 | |
| 105 | @aa z 000yy | |
| 106 | @ar | |
| 200 | 1 | @a万用表实用检测技术@Awan yong biao shi yong jian ce ji shu@f马克联,张宏主编@Fma ke lian,zhang hong zhu bian |
| 210 | @a北京@c化学工业出版社@d2006 | |
| 215 | @a196页@c图@d26cm | |
| 330 | @a本书阐述了指针、数字万用表的原理,使用方法和实用检测技术。在家电检修方面,详细讲解了一些故障案例的现象、检修过程,具有较强的针对性和实用性。 | |
| 606 | 0 | @a复用电表@x检测 |
| 606 | 0 | @a复用电表 |
| 690 | @aTM938.107@v4 | |
| 701 | 0 | @a马克联@Ama ke lian@4主编 |
| 701 | 0 | @a张宏@Azhang hong@c(电工技术)@4主编 |
| 801 | 0 | @aCN@bRULIN@c20070522 |
| 905 | @dTM938.107@e83@s10 | |
| 万用表实用检测技术/马克联,张宏主编.-北京:化学工业出版社,2006 |
| 196页:图;26cm |
| ISBN 7-5025-8842-6:CNY22.00 |
| 本书阐述了指针、数字万用表的原理,使用方法和实用检测技术。在家电检修方面,详细讲解了一些故障案例的现象、检修过程,具有较强的针对性和实用性。 |
| ● |
| 相关链接 |
|
|
|
|
正题名:万用表实用检测技术
索取号:TM938.107/83
 
预约/预借
| 序号 | 登录号 | 条形码 | 馆藏地/架位号 | 状态 | 备注 |
| 1 | 0574269 | 205742696 | 第二样本阅览室/ [索取号:TM938.107/83] | 在馆 | |
| 2 | 0574270 | 205742703 | 第三借阅区/ [索取号:TM938.107/83] | 在馆 | |
| 3 | 0574271 | 205742712 | 第三借阅区/ [索取号:TM938.107/83] | 在馆 | |
| 4 | 0574272 | 205742721 | 第三借阅区/ [索取号:TM938.107/83] | 在馆 | |
| 5 | 0574273 | 205742730 | 第三借阅区/ [索取号:TM938.107/83] | 在馆 | |
| 6 | 0574274 | 205742749 | 第三借阅区/ [索取号:TM938.107/83] | 在馆 | |
| 7 | 0574275 | 205742758 | 第三借阅区/ [索取号:TM938.107/83] | 在馆 | |
| 8 | 0574276 | 205742767 | 第三借阅区/ [索取号:TM938.107/83] | 在馆 | |
| 9 | 0574277 | 205742776 | 第三借阅区/ [索取号:TM938.107/83] | 在馆 | |
| 10 | 0574278 | 205742785 | 第三借阅区/ [索取号:TM938.107/83] | 在馆 |